<?xml version="1.0" encoding="UTF-8"?>
<record
    xmlns:xsi="http://www.w3.org/2001/XMLSchema-instance"
    xsi:schemaLocation="http://www.loc.gov/MARC21/slim http://www.loc.gov/standards/marcxml/schema/MARC21slim.xsd"
    xmlns="http://www.loc.gov/MARC21/slim">

  <leader>01032cam8a220028900 4500</leader>
  <controlfield tag="001">lce00612054</controlfield>
  <controlfield tag="008">711012s1968    nyua     b    000 0 eng  </controlfield>
  <datafield tag="010" ind1=" " ind2=" ">
    <subfield code="a">   67029454 //r86</subfield>
  </datafield>
  <datafield tag="035" ind1=" " ind2=" ">
    <subfield code="a">(Sirsi) r97448</subfield>
  </datafield>
  <datafield tag="035" ind1=" " ind2=" ">
    <subfield code="a">(DLC)   67029454 //r86</subfield>
  </datafield>
  <datafield tag="035" ind1=" " ind2=" ">
    <subfield code="a">(UPRA)lce00612054</subfield>
  </datafield>
  <datafield tag="040" ind1=" " ind2=" ">
    <subfield code="d">UPRA</subfield>
  </datafield>
  <datafield tag="050" ind1="0" ind2=" ">
    <subfield code="a">QR185.A6</subfield>
    <subfield code="b">H32</subfield>
  </datafield>
  <datafield tag="082" ind1=" " ind2=" ">
    <subfield code="a">596/.01/9296</subfield>
  </datafield>
  <datafield tag="100" ind1="1" ind2=" ">
    <subfield code="a">Haurowitz, Felix, 1896-</subfield>
    <subfield code="d">Haurowitz, Felix, 1896-</subfield>
    <subfield code="6">A37417.1</subfield>
  </datafield>
  <datafield tag="245" ind1="1" ind2="0">
    <subfield code="a">Immunochemistry and the biosynthesis of antibodies.</subfield>
  </datafield>
  <datafield tag="260" ind1=" " ind2=" ">
    <subfield code="a">New York :</subfield>
    <subfield code="b">Interscience Publishers,</subfield>
    <subfield code="c">[1968]</subfield>
  </datafield>
  <datafield tag="504" ind1=" " ind2=" ">
    <subfield code="a">Includes bibliographies.</subfield>
  </datafield>
  <datafield tag="650" ind1=" " ind2="0">
    <subfield code="a">Immunochemistry.</subfield>
    <subfield code="6">S18985.1</subfield>
  </datafield>
  <datafield tag="650" ind1=" " ind2="0">
    <subfield code="a">Immunoglobulins.</subfield>
    <subfield code="6">S2067.1</subfield>
  </datafield>
  <datafield tag="650" ind1=" " ind2="0">
    <subfield code="a">Proteins -- Synthesis.</subfield>
    <subfield code="x">Proteins -- Synthesis.</subfield>
    <subfield code="6">S8790.1</subfield>
  </datafield>
  <datafield tag="949" ind1=" " ind2=" ">
    <subfield code="a">QR185.A6</subfield>
    <subfield code="w">LC</subfield>
    <subfield code="i">33729001809834</subfield>
    <subfield code="m">MAIN</subfield>
    <subfield code="p">2500</subfield>
    <subfield code="t">BOOK</subfield>
    <subfield code="l">ON-SHELF</subfield>
  </datafield>
  <datafield tag="949" ind1=" " ind2=" ">
    <subfield code="a">QR185.A6</subfield>
    <subfield code="w">LC</subfield>
    <subfield code="i">-138392</subfield>
    <subfield code="m">MEDICAL</subfield>
    <subfield code="t">BOOK</subfield>
    <subfield code="l">ON-SHELF</subfield>
  </datafield>
  <datafield tag="949" ind1=" " ind2=" ">
    <subfield code="a">QR185.A6</subfield>
    <subfield code="w">LC</subfield>
    <subfield code="i">-138393</subfield>
    <subfield code="m">MEDICAL</subfield>
    <subfield code="t">BOOK</subfield>
    <subfield code="l">ON-SHELF</subfield>
  </datafield>
  <datafield tag="949" ind1=" " ind2=" ">
    <subfield code="a">QR185.A6</subfield>
    <subfield code="w">LC</subfield>
    <subfield code="i">-138394</subfield>
    <subfield code="m">MEDICAL</subfield>
    <subfield code="t">BOOK</subfield>
    <subfield code="l">ON-SHELF</subfield>
  </datafield>
  <controlfield tag="004">97448</controlfield>
  <datafield tag="999" ind1=" " ind2=" ">
    <subfield code="c">38707</subfield>
    <subfield code="d">38707</subfield>
  </datafield>
  <datafield tag="952" ind1=" " ind2=" ">
    <subfield code="0">0</subfield>
    <subfield code="1">0</subfield>
    <subfield code="2">lcc</subfield>
    <subfield code="4">0</subfield>
    <subfield code="7">0</subfield>
    <subfield code="a">MEDICAL</subfield>
    <subfield code="b">MEDICAL</subfield>
    <subfield code="c">ON-SHELF</subfield>
    <subfield code="l">0</subfield>
    <subfield code="o">QR185.A6</subfield>
    <subfield code="p">-138392</subfield>
    <subfield code="r">2019-08-13 00:00:00</subfield>
    <subfield code="t">1</subfield>
    <subfield code="w">2019-08-13</subfield>
    <subfield code="y">BOOK</subfield>
  </datafield>
  <datafield tag="952" ind1=" " ind2=" ">
    <subfield code="0">0</subfield>
    <subfield code="1">0</subfield>
    <subfield code="2">lcc</subfield>
    <subfield code="4">0</subfield>
    <subfield code="7">0</subfield>
    <subfield code="a">MEDICAL</subfield>
    <subfield code="b">MEDICAL</subfield>
    <subfield code="c">ON-SHELF</subfield>
    <subfield code="l">0</subfield>
    <subfield code="o">QR185.A6</subfield>
    <subfield code="p">-138393</subfield>
    <subfield code="r">2019-08-13 00:00:00</subfield>
    <subfield code="t">2</subfield>
    <subfield code="w">2019-08-13</subfield>
    <subfield code="y">BOOK</subfield>
  </datafield>
  <datafield tag="952" ind1=" " ind2=" ">
    <subfield code="0">0</subfield>
    <subfield code="1">0</subfield>
    <subfield code="2">lcc</subfield>
    <subfield code="4">0</subfield>
    <subfield code="7">0</subfield>
    <subfield code="a">MEDICAL</subfield>
    <subfield code="b">MEDICAL</subfield>
    <subfield code="c">ON-SHELF</subfield>
    <subfield code="l">0</subfield>
    <subfield code="o">QR185.A6</subfield>
    <subfield code="p">-138394</subfield>
    <subfield code="r">2019-08-13 00:00:00</subfield>
    <subfield code="t">3</subfield>
    <subfield code="w">2019-08-13</subfield>
    <subfield code="y">BOOK</subfield>
  </datafield>
</record>
